Catalog

Record Details

Catalog Search



Karen's doll  Cover Image Book Book

Karen's doll / Ann M. Martin ; illustrations by Susan Tang.

Martin, Ann M., 1955- (Author). Tang, Susan. (Added Author).

Summary:

Karen lends a very expensive doll to a sick friend and now is worried that she might not get it back.

Record details

  • ISBN: 0590448323
  • ISBN: 9780590448321
  • Physical Description: 95 pages : illustrations ; 20 cm.
  • Publisher: New York : Scholastic, ©1991.

Content descriptions

General Note:
"A Little Apple paperback."
Target Audience Note:
RL 3.
007-009.
Subject: Dolls > Fiction.
Dolls > Fiction.
Dolls.
Dolls > Fiction.
Genre: Series.
Fiction.
Fiction.

Available copies

  • 1 of 1 copy available at scottsboropl.

Holds

  • 0 current holds with 1 total copy.
Show Only Available Copies
Location Call Number / Copy Notes Barcode Shelving Location Status Due Date
scottsboropl JF Mar 32269001181281 Juvenile - Fiction Available -

LDR 01927cam a2200541Ia 4500
001157292
003SBPL
00520211221174611.0
008911105s1991 nyua j 000 1 eng d
007ta
010 . ‡a 94152649
035 . ‡a(OCoLC)24681102
040 . ‡aJED ‡beng ‡cJED ‡dSLC ‡dDLC ‡dOCL ‡dBTCTA ‡dBAKER ‡dYDXCP ‡dOCLCG ‡dOKR ‡dOCLCQ ‡dOCLCO ‡dOCLCA ‡dOCLCF ‡dOCLCQ ‡dFEM ‡dOCLCQ ‡dLKC ‡dLNC ‡dTXSVP ‡dVBO ‡dJDP ‡dOCLCO ‡dOCLCQ
020 . ‡a0590448323
020 . ‡a9780590448321
035 . ‡a(OCoLC)24681102
037 . ‡aa ‡bwfd
050 4. ‡aPZ7.M3567585 ‡bKad 1991x
08214. ‡afic
1001 . ‡aMartin, Ann M., ‡d1955-
24510. ‡aKaren's doll / ‡cAnn M. Martin ; illustrations by Susan Tang.
260 . ‡aNew York : ‡bScholastic, ‡c©1991.
300 . ‡a95 pages : ‡billustrations ; ‡c20 cm.
336 . ‡atext ‡btxt ‡2rdacontent
337 . ‡aunmediated ‡bn ‡2rdamedia
338 . ‡avolume ‡bnc ‡2rdacarrier
4901 . ‡aBaby-sitters little sister ; ‡v#23
500 . ‡a"A Little Apple paperback."
5210 . ‡aRL 3.
5211 . ‡a007-009.
520 . ‡aKaren lends a very expensive doll to a sick friend and now is worried that she might not get it back.
650 0. ‡aDolls ‡vFiction.
650 1. ‡aDolls ‡vFiction.
650 7. ‡aDolls. ‡2fast ‡0(OCoLC)fst00896460
650 7. ‡aDolls ‡vFiction. ‡2sears
655 4. ‡aSeries.
655 7. ‡aFiction. ‡2fast ‡0(OCoLC)fst01423787
655 7. ‡aFiction. ‡2lcgft
7001 . ‡aTang, Susan.
8001 . ‡aMartin, Ann M., ‡d1955- ‡tBaby-sitters little sister ; ‡v#23.
938 . ‡aBaker & Taylor ‡bBKTY ‡c3.99 ‡d3.19 ‡i0590448323 ‡n0003549171 ‡sactive
938 . ‡aBaker & Taylor ‡bBKTY ‡c11.57 ‡d.00 ‡i0606005307 ‡n0002886208 ‡sactive
938 . ‡aBaker and Taylor ‡bBTCP ‡n94152649
938 . ‡aYBP Library Services ‡bYANK ‡n503645
0291 . ‡aAU@ ‡b000008930067
0291 . ‡aAU@ ‡b000049954235
0291 . ‡aNZ1 ‡b4291818
994 . ‡aZ0 ‡bMWL
948 . ‡hNO HOLDINGS IN MWL - 544 OTHER HOLDINGS
901 . ‡a157292 ‡b ‡c157292 ‡tbiblio

Additional Resources